Statistics for Countries With The Most MLB Players

Click here to take the quiz!

General Stats

  • This quiz has been taken 30 times
    (22 since last reset)
  • The average score is 10 of 14

Answer Stats

Average # of PlayersCountry% Correct
28,000United States of America
100%
250Canada
90%
67Japan
90%
742Dominican Republic
86%
127Mexico
81%
394Venezuela
81%
206Cuba
76%
21Colombia
71%
23South Korea
71%
30Australia
67%
48United Kingdom
67%
42Germany
62%
62Panama
52%
47Ireland
38%

Score Distribution

Percentile by Number Answered

Percent of People with Each Score

Your Score History

You have not taken this quiz since the last reset